000
00292nam a2200109Ia 4500
008
200302s9999 xx 000 0 und d
100
_a
Olwen C. Marlowe
245
_a
Outdoor Design A Handbook for The Architect and Planner
260
_b
Granada Publishing Ltd.
260
_c
1977
300
_a
301 P.,
999
_c
52
_d
52